Places To Study
There are group study rooms, individual study carrels, computer labs, and other spaces to study in the Libraries.
Reserve A Group Room| 000 -LEADER | |
|---|---|
| fixed length control field | 00889nam a22001817a 4500 |
| 003 - CONTROL NUMBER IDENTIFIER | |
| control field | OSt |
| 005 - DATE AND TIME OF LATEST TRANSACTION | |
| control field | 20251215101833.0 |
| 008 - FIXED-LENGTH DATA ELEMENTS--GENERAL INFORMATION | |
| fixed length control field | 251215b |||||||| |||| 00| 0 eng d |
| 040 ## - CATALOGING SOURCE | |
| Transcribing agency | DCL |
| 041 ## - LANGUAGE CODE | |
| Language code of text/sound track or separate title | Myanmar |
| 082 ## - DEWEY DECIMAL CLASSIFICATION NUMBER | |
| Classification number | ၂၉၄.၃၈၂၃၅၃ |
| 100 0# - MAIN ENTRY--PERSONAL NAME | |
| Personal name | အောင်ညွှန့်ဝင်း။ |
| 245 1# - TITLE STATEMENT | |
| Title | ပုံတော်စုံ နိပါတ်တော်လာငါးရာ့ငါးဆယ်အနှစ်ချုပ် / |
| Statement of responsibility, etc. | အောင်ညွှန့်ဝင်း။ |
| 260 ## - PUBLICATION, DISTRIBUTION, ETC. | |
| Place of publication, distribution, etc. | ရန်ကုန် ၊ |
| Name of publisher, distributor, etc. | ယုံကြည်ချက်စာပေ၊ |
| Date of publication, distribution, etc. | ၂၀၀၈။ |
| 300 ## - PHYSICAL DESCRIPTION | |
| Extent | ဠ၊ ၇၅၈ စာမျက်နှာ ၊ |
| Dimensions | ၂၅ စင်တီ။ |
| 650 ## - SUBJECT ADDED ENTRY--TOPICAL TERM | |
| Topical term or geographic name entry element | ငါးရာ့ငါးဆယ်ဇာတ်ဝတ္ထု |
| Form subdivision | အနှစ်ချုပ်။ |
| 942 ## - ADDED ENTRY ELEMENTS (KOHA) | |
| Source of classification or shelving scheme | Dewey Decimal Classification |
| Koha item type | Short Term |
| Suppress in OPAC | No |
| Withdrawn status | Lost status | Source of classification or shelving scheme | Damaged status | Not for loan | Collection | Accession No. | Home library | Current library | Shelving location | Date acquired | Total checkouts | Full call number | Barcode | Date last seen | Price effective from | Koha item type |
|---|---|---|---|---|---|---|---|---|---|---|---|---|---|---|---|---|
| Dewey Decimal Classification | Myanmar Collection | ၆၄၅ | Dhammadhara | Dhammadhara | Myanmar Shelves | 15/12/2025 | ၂၉၄.၃၈၂၃၅၃ အောင် ၆၄၅ | MB00000645 | 15/12/2025 | 15/12/2025 | Short Term |